000 00643nam a2200217Ia 4500
005 20250117103544.0
008 008 250103s9999 xx 000 0 eng d
020 _a9781032209944
037 _aTextual
040 _aCSL
_beng
_cCSL
041 _aeng
_2eng
084 _aB3 R3
_qCSL
245 0 _aMathematical analysis of groundwater flow models
_cAtangana, Abdon (Ed.)
260 _aBoca raton
_bCRC Press/T&F
_c2022
300 _axiii, 619p. ill.
650 _a Dual porosity model
_9733844
650 _aMathematics
700 _aAtangana, Abdon (Ed.)
_9731646
942 _cTEXL
_hB3 R3
999 _c1237715
_d1237715